Welcome to CU Library Online Public Access Catalogue (OPAC)

The Christian and alcoholic beverages : (Record no. 6093)

MARC details
000 -LEADER
fixed length control field 00630cam a2200193 a 4500
001 - CONTROL NUMBER
control field 2417088
005 - DATE AND TIME OF LATEST TRANSACTION
control field 20250531113036.0
008 - FIXED-LENGTH DATA ELEMENTS--GENERAL INFORMATION
fixed length control field 870819s1986 miu b 001 0 eng
020 ## - INTERNATIONAL STANDARD BOOK NUMBER
International Standard Book Number 0801038073 (pbk.) :
Terms of availability $4.95
050 00 - LIBRARY OF CONGRESS CALL NUMBER
Classification number HV5180
Item number .G46 1986
082 00 - DEWEY DECIMAL CLASSIFICATION NUMBER
Classification number 241/.681
Edition information 19
100 1# - MAIN ENTRY--PERSONAL NAME
Personal name Gentry, Kenneth L.
245 14 - TITLE STATEMENT
Title The Christian and alcoholic beverages :
Remainder of title a biblical perspective /
Statement of responsibility, etc. Kenneth L. Gentry, Jr.
260 ## - PUBLICATION, DISTRIBUTION, ETC.
Place of publication, distribution, etc. Grand Rapids, Mich. :
Name of publisher, distributor, etc. Baker Book House,
Date of publication, distribution, etc. c1986.
300 ## - PHYSICAL DESCRIPTION
Extent 117 p. ;
Dimensions 22 cm.
650 #0 - SUBJECT ADDED ENTRY--TOPICAL TERM
Topical term or geographic name entry element Temperance
General subdivision Biblical teaching.
650 #0 - SUBJECT ADDED ENTRY--TOPICAL TERM
Topical term or geographic name entry element Alcoholic beverages
General subdivision Biblical teaching.
942 ## - ADDED ENTRY ELEMENTS (KOHA)
Source of classification or shelving scheme Library of Congress Classification
Koha item type Books
Suppress in OPAC No
999 ## -
-- 6093
-- 6093
Holdings
Withdrawn status Lost status Source of classification or shelving scheme Damaged status Not for loan Collection Home library Current library Shelving location Date acquired Total checkouts Full call number Barcode Date last seen Copy number Price effective from Koha item type
    Library of Congress Classification     Non-fiction Undergraduate Library (Christ Temple) Undergraduate Library (Christ Temple) General stacks 05/31/2025   BV4460.5 GEN ulct00002788 05/31/2025 1 05/31/2025 Books
© 2023-2024 Copyright: Central University Libraries. All Rights Reserved | Created by: Mahone Tech Office